Statistiques concernant Personnages célèbres - Série 47

Cliquez ici pour prendre le quiz!

Statistiques générales

  • Ce quiz a été pris 82 fois
  • Le résultat moyen est 7 sur 15

Statistiques - réponses

Réponse% Correct
Nicolas Hulot
86%
Cyril Lignac
80%
Julia Roberts
76%
Hugo Lloris
74%
Joël Robuchon
49%
Alec Baldwin
46%
Juliette Gréco
42%
Mickey Rourke
41%
Halle Berry
39%
Danny DeVito
36%
Sharon Stone
35%
Kurt Russell
27%
Benicio Del Toro
23%
Nick Nolte
15%
Jean Seberg
4%

Distribution des résultats

Percentile par nombre de réponses

% des personnes avec chaque résultat

Votre développement - résultats

Vous n’avez pas pris ce quiz